000 00929nam a2200277 i 4500
001 5541
003 ES-MaACL
005 20250827062553.0
007 t|
008 881108s1987 sp ||||1| spa d
020 _a84-309-1440-4
080 _a351.95(46)(094.4)
110 1 _aEspaña
_93622
240 1 0 _aLey orgánica de conflictos jurisdiccionales, 1987
245 1 0 _aLey orgánica de conflictos jurisdiccionales /
_cprólogo de Juan José Lavilla Rubira.
260 _aMadrid :
_bTecnos,
_c1987.
300 _a79 p. ;
_c17 cm.
490 1 _aBiblioteca de textos legales
500 _aIndice.
650 1 4 _aConflictos de jurisdicción y competencia-
_zEspaña-
_vLegislación.
_911273
700 1 _aLavilla Rubira, Juan José.
_970722
830 0 _aBiblioteca de textos legales
_9177271
852 _aES-MaACL
_jL-12224
_bR.114533
_z. - Rust.
852 _aES-MaACL
_jL-12225
_bR.114532
999 _c5541
_d5541